| 000 | 01377cam a2200253 4500 | ||
|---|---|---|---|
| 001 | ABS68073 | ||
| 008 | 040720n2004 000 0 eng u | ||
| 035 | _a(Sirsi) u126847 | ||
| 100 | _aLeeson, J. | ||
| 245 | _aFinding a way forward | ||
| 260 | _c2004 | ||
| 490 |
_aWastes Management _vJuly 2004, 26-27(2) |
||
| 520 | _aThe pollution prevention and control regime is significantly different from the previous waste management licensing regime, particularly in the way that landfill installations are defined. Looks at some of the issues faced by landfill operators applying for permits under the new regime. Applications now have to include risk assessments on hydrogeology, stability, landfill gas, nuisance, health and habitats. In particular whole landfill sites must comply with the Groundwater Regulations 1998. Considers the Environment Agency's (EA) guidance in dealing with the different situations presented by landfill sites where the EA accepts that not all areas of an existing site can be re-engineered to meet the regulations. | ||
| 590 | _aABS | ||
| 590 | _aABS | ||
| 650 | _aPOLLUTION PREVENTION AND CONTROL REGULATIONS 2000 | ||
| 650 | _aLANDFILL SITES | ||
| 650 | _aWASTE MANAGEMENT SITES | ||
| 650 |
_aContamination _96231 |
||
| 650 | _aGROUNDWATER | ||
| 650 | _aGROUNDWATER REGULATIONS 1998 | ||
| 690 | _aWASTE MANAGEMENT | ||
| 942 | _n0 | ||
| 999 |
_c117730 _d117730 |
||